000346158 001__ 346158
000346158 005__ 20260201183127.0
000346158 022__ $$a2813-2432$$l2813-2432
000346158 0247_ $$2ZDBID$$aPERI:(DE-600)3136539-5
000346158 0247_ $$2ZDBPPN$$aZDPPN:1269176064
000346158 0247_ $$2EZBID$$aPERI:(DE-606)495642
000346158 0247_ $$2EZBID$$aPERI:(DE-606)495642
000346158 0247_ $$2OCLC$$aOCLC:1366409661
000346158 035__ $$aPERI:(DE-600)3136539-5
000346158 040__ $$a0046$$bger$$cDE-101$$dJOIN²$$eJOIN² journal identification
000346158 041__ $$aeng
000346158 044__ $$cXA-CH
000346158 082__ $$223sdnb$$a380$$qDE-600
000346158 08274 $$223sdnb$$a380$$qDE-600
000346158 24220 $$2DE-600$$aCommodities$$yen
000346158 24220 $$2DE-600$$aCommodities
000346158 245__ $$2DE-600$$aCommodities$$honline
000346158 2463_ $$2DE-600$$aCommodities
000346158 2463_ $$aCommodities
000346158 260__ $$aBasel, Switzerland$$bMDPI$$c[2022]-
000346158 260_1 $$0Host:(DE-Juel1)3018$$2DE-Juel1$$aMDPI
000346158 2607_ $$2DOAJ$$aSwitzerland$$bMDPI AG$$d2023-03-22T10:54:19Z
000346158 26431 $$aBasel, Switzerland$$bMDPI$$c[2022]-
000346158 3620_ $$2DE-600$$aVolume 1, Issue 1 (September 2022)-
000346158 36301 $$2DE-600$$81.1\x$$a1$$b1$$i2022
000346158 365__ $$2DOAJ$$aAPC$$b1000$$cCHF$$d2023-03-22T10:54:19Z
000346158 380__ $$2marcgt$$ajournal
000346158 500__ $$aAutomatically generated record. (Updated: 2025-11-10)
000346158 65310 $$2EZB-Subject$$aBusiness and Economics
000346158 65310 $$2EZB-Keyword$$aAllgemeine Wirtschaftswissenschaften
000346158 65310 $$2DOAJ$$acommodities supercycles$$d2023-03-22T10:54:19Z
000346158 65310 $$2DOAJ$$acommodities market$$d2023-03-22T10:54:19Z
000346158 65310 $$2DOAJ$$acommodities and food security$$d2023-03-22T10:54:19Z
000346158 65310 $$2DOAJ$$acommodities economics and finance$$d2023-03-22T10:54:19Z
000346158 65310 $$2DOAJ$$acommodities policy$$d2023-03-22T10:54:19Z
000346158 65310 $$2DOAJ$$acommodities trading$$d2023-03-22T10:54:19Z
000346158 65310 $$2DOAJ$$aTechnology: Home economics: Nutrition. Foods and food supply$$d2023-03-22T10:54:19Z
000346158 8564_ $$d0$$uhttps://ezb.ur.de/?3136539-5$$yEZB
000346158 8564_ $$d0$$uhttps://www.mdpi.com/journal/commodities$$yVerlag = kostenfrei
000346158 8564_ $$d0$$uhttps://www.mdpi.com/journal/commodities/about$$yScope
000346158 8564_ $$d0$$uhttps://www.mdpi.com/journal/commodities/apc$$yAPC information
000346158 8564_ $$d0$$uhttps://www.mdpi.com/journal/commodities/editors$$yEditorial board
000346158 8564_ $$d0$$uhttps://www.mdpi.com/journal/commodities/instructions$$yInstructions for Authors
000346158 8564_ $$d0$$uhttps://www.mdpi.com/journal/commodities/instructions#editorial_procedure$$yReview process
000346158 8801_ $$2DE-600$$aCommodities
000346158 909CO $$ooai:juser.fz-juelich.de:1015998$$pauthority$$pauthority:PERI
000346158 909CO $$ooai:juser.fz-juelich.de:1015998
000346158 915__ $$0StatID:(DE-HGF)0501$$2StatID$$aDBCoverage$$bDOAJ Seal$$d2023-03-22T10:54:19Z
000346158 915__ $$0StatID:(DE-HGF)0500$$2StatID$$aDBCoverage$$bDOAJ$$d2023-03-22T10:54:19Z
000346158 915__ $$0StatID:(DE-HGF)0030$$2StatID$$aPeer Review$$bDOAJ : Anonymous peer review$$d2023-03-22T10:54:19Z
000346158 915__ $$0LIC:(DE-HGF)CCBYNV$$2V:(DE-HGF)$$aCreative Commons Attribution CC BY (No Version)$$bDOAJ$$d2023-03-22T10:54:19Z
000346158 915__ $$0StatID:(DE-HGF)0561$$2StatID$$aArticle Processing Charges$$d2025-11-10
000346158 915__ $$0StatID:(DE-HGF)0700$$2StatID$$aFees$$d2025-11-10
000346158 980__ $$aPERI
000346158 980__ $$aAUTHORITY